000 00938nmc a2200349 a 4500
003 AR-BaBNM
005 20251128205337.0
008 127019s1974 ||||||||||||||000 | spa||
020 _a84-7053-097-6
040 _cAR-BaBNM
100 1 _aGranou, A.
245 1 0 _aCapitalismo y modo de vida
260 _aMadrid
_bAlberto Corazón
_c1974
300 0 _a97 p.
490 0 _aComunicación. B
500 0 _aContiene referencias bibliográficas en notas a pie de página
650 4 _aCAPITALISMO
650 4 _aMODOS DE PRODUCCION
650 4 _aCONSUMO
650 4 _aPOLITICA ECONOMICA
650 4 _aOFERTA Y DEMANDA
650 4 _aMERCADOS
650 4 _aECONOMIA DE MERCADO
650 4 _aPLANIFICACION ECONOMICA
650 4 _aMARXISMO
650 4 _aDOCTRINAS ECONOMICAS
650 4 _aSOCIOLOGIA ECONOMICA
653 0 _aECONOMIA POLITICA
700 1 _aBevia, Herminia
_etraductor
942 _cBK
998 _cSILVI
999 _c11016
_d11016